[Event "Wch FIDE Online U18 America qual"]
[Site "Tornelo INT"]
[Date "2020.12.02"]
[Round "3"]
[White "Morgan, Tajae"]
[Black "Lee, Ethan1111"]
[Result "1-0"]
[WhiteElo "1729"]
[BlackElo "1324"]
[PlyCount "137"]
[EventDate "2020.12.01"]
[EventType "swiss (rapid)"]
[EventRounds "7"]
[EventCountry "ISS"]
[SourceTitle "EXT 2022"]
[Source "ChessBase"]
[SourceDate "2021.10.06"]
[SourceVersion "1"]
[SourceVersionDate "2021.10.06"]
[SourceQuality "1"]

1. d4 Nf6 2. c4 g6 3. Nc3 Bg7 4. e3 0-0 5. Bd3 d6 6. Nge2 Nc6 7. a3 a6 8. Qc2 e5 9. d5 Nb8 10. 0-0 Nbd7 11. b4 Ne8 12. e4 f5 13. exf5 gxf5 14. Bxf5 Ndf6 15. Bg5 Bxf5 16. Qxf5 Qe7 17. Qc2 Kh8 18. Rae1 Qf7 19. Ng3 Rg8 20. Nce4 Nh5 21. Nxh5 Qxh5 22. Qe2 Qg6 23. Qf3 Bh6 24. Bxh6 Qxh6 25. Ng3 Nf6 26. h3 Raf8 27. Qe3 Qg6 28. Qf3 Rg7 29. Qf5 Qh6 30. Re3 Rfg8 31. Rf3 Rf8 32. Kh1 Rg5 33. Qe6 Qg7 34. Rg1 Nh5 35. Rxf8+ Qxf8 36. Nxh5 Rxh5 37. Qg4 Qf7 38. Rf1 Rf5 39. f3 c6 40. dxc6 bxc6 41. Rd1 Qf8 42. Qe4 d5 43. cxd5 cxd5 44. Qxd5 h5 45. Qd8 Qxd8 46. Rxd8+ Kg7 47. Kg1 Rf6 48. Kf2 Rc6 49. Rd2 a5 50. b5 Rb6 51. a4 Kf6 52. Rd7 Kf5 53. Ra7 Rd6 54. Ke3 Rd4 55. Rxa5 Rb4 56. Ra6 Rb3+ 57. Kf2 Rb4 58. b6 Kf4 59. g3+ Kf5 60. a5 h4 61. gxh4 Rxh4 62. Kg3 Rb4 63. Ra7 Ke6 64. b7 Kd6 65. a6 Kc7 66. Ra8 Rb6 67. Rc8+ Kd7 68. b8Q Rxb8 69. Rxb8 1-0

[Event "Wch FIDE Online U18 America qual"]
[Site "Tornelo INT"]
[Date "2020.12.02"]
[Round "2"]
[White "Tobar Beltran, Jorge Esteban"]
[Black "Morgan, Tajae"]
[Result "1-0"]
[WhiteElo "1889"]
[BlackElo "1729"]
[PlyCount "49"]
[EventDate "2020.12.01"]
[EventType "swiss (rapid)"]
[EventRounds "7"]
[EventCountry "ISS"]
[SourceTitle "EXT 2022"]
[Source "ChessBase"]
[SourceDate "2021.10.06"]
[SourceVersion "1"]
[SourceVersionDate "2021.10.06"]
[SourceQuality "1"]

1. d4 d5 2. e3 e6 3. f4 Nf6 4. Nf3 c5 5. c3 Nbd7 6. Bd3 c4 7. Bc2 Qc7 8. 0-0 Ne4 9. Bxe4 dxe4 10. Ne5 Nf6 11. Qa4+ Bd7 12. Qxc4 Qxc4 13. Nxc4 b5 14. Ne5 a5 15. Bd2 Rc8 16. Be1 Bd6 17. Nd2 Ke7 18. Bh4 Bc6 19. Nxc6+ Rxc6 20. Nxe4 b4 21. Nxf6 gxf6 22. e4 Kd7 23. e5 Be7 24. Be1 Rhc8 25. Rc1 1-0